00681nam a22001817a 450000500170000001000260001702000260004303500140006903500140008303700090009708200140010624501140012026000520023427001330028630000200041970000280043970000320046720251029144153.0 aENG-141362 ENG-147007 a9788119798896c499.00 aEN-124894 aEN-130539 bDBAD a327.54051 aSino-Indian Ties Under Modi:bRising to the China Challennge/cEdited By Harsh V Pant [and] Kalpit A Mankikar aNew DelhibHar Anand Publications Pvy Ltdc2024 aE-49/3, Okhla Industrial Area, Phase-IIbNew Delhie110020cNew Delhik011-41603490l011-41708607minfo@haranandpublications.com a119p.c23cm(hb) aPant , Harsh V eEditor aMankikar, Kalpit A eEditor